Gaming Quiz

Random Gaming or Pokémon Quiz

Alolan Form Pokemon Quiz Stats

 Plays Quiz not verified by Sporcle

Support Sporcle.
Go Orange.
Score 0/18 Timer 12:00
0 Plays Today
Hint Answer % Correct
037Vulpix
99.1%
026Raichu
98.1%
038Ninetales
98.1%
027Sandshrew
97.2%
028Sandslash
97.2%
019Rattata
95.3%
052Meowth
95.3%
020Raticate
94.4%
053Persian
94.4%
Hint Answer % Correct
105Marowak
93.5%
074Geodude
90.7%
075Graveler
90.7%
076Golem
90.7%
103Exeggutor
90.7%
088Grimer
89.7%
089Muk
89.7%
050Diglett
85%
051Dugtrio
85%

You're not logged in!

Compare scores with friends on all Sporcle quizzes.
OR
Log In

From the Vault

Country/Food Match-Up

by william2

One of the best things about traveling is trying out the local cuisine.
Remove Ads.
Support Sporcle.
Get the best of Sporcle when you Go Orange. This ad-free experience offers more features, more stats, and more fun while also helping to support Sporcle. Thank you for becoming a member.

Show Comments

Extras

Created Dec 10, 2017SourceReportNominate
Tags:Pokémon Quiz, form

Top Quizzes Today


Score Distribution

Your Account Isn't Verified!

In order to create a playlist on Sporcle, you need to verify the email address you used during registration. Go to your Sporcle Settings to finish the process.

Report this User

Report this user for behavior that violates our Community Guidelines.

Details: